| 000 | 00583nam a2200193Ia 4500 | ||
|---|---|---|---|
| 008 | 131103s9999 xx 000 0 und d | ||
| 040 | _aLoreto College | ||
| 041 | _aEnglish | ||
| 082 |
_a301/KEP _bLCBkB/396 |
||
| 100 | _aKephart, William M. | ||
| 245 |
_aFamily,society and the individual _cWilliam M.Kephart |
||
| 260 |
_aBoston _bHoughton Mifflin Company _c1961 |
||
| 300 |
_axiii,690 p. _b illus.,tables _c 32 cm. |
||
| 504 | _aIncludes bibliographical references and index | ||
| 650 | _aSociology | ||
| 651 | _aSocial Interaction | ||
| 850 | _aLCBkB/301/KEP | ||
| 942 | _cBK | ||
| 999 |
_c35026 _d85505 |
||